Human behavior in industry / (Record no. 2319)
[ view plain ]
| 000 -LEADER | |
|---|---|
| fixed length control field | 00835cam a22002651 4500 |
| 001 - CONTROL NUMBER | |
| control field | 2319 |
| 003 - CONTROL NUMBER IDENTIFIER | |
| rucl marc code | BD-RjUL |
| 005 - DATE AND TIME OF LATEST TRANSACTION | |
| control field | 20211208233526.0 |
| 008 - FIXED-LENGTH DATA ELEMENTS--GENERAL INFORMATION | |
| fixed length control field | 131211r19551954nyu 001 0 eng |
| 035 ## - SYSTEM CONTROL NUMBER | |
| System control number | (BD-RjUL)2346 |
| System control number | (OCoLC)5210450 |
| 040 ## - CATALOGING SOURCE | |
| Original cataloging agency | DLC |
| Transcribing agency | NmU |
| Modifying agency | OCoLC |
| -- | Uk |
| -- | DLC |
| -- | BD-RjUL |
| Language of cataloging | eng |
| 041 ## - LANGUAGE CODE | |
| Language code of text/sound track or separate title | eng |
| 082 ## - DEWEY DECIMAL CLASSIFICATION NUMBER | |
| Classification number | 158.7 |
| Edition number | 19 |
| Author mark and year | FIH 1955 |
| 100 1# - MAIN ENTRY--PERSONAL NAME | |
| Personal name | Finlay, William W. |
| 9 (RLIN) | 7521 |
| 245 10 - TITLE STATEMENT | |
| Title | Human behavior in industry / |
| Statement of responsibility, etc. | William W. Finlay, A. Q. Sartain [and] Willis M. Tate. |
| 260 ## - PUBLICATION, DISTRIBUTION, ETC. (IMPRINT) | |
| Place of publication, distribution, etc. | New York : |
| Name of publisher, distributor, etc. | McGraw-Hill, |
| Date of publication, distribution, etc. | c1954 [Reprint 1955]. |
| 300 ## - PHYSICAL DESCRIPTION | |
| Pagination | xi, 247 p. ; |
| Size | 23 cm. |
| 490 0# - SERIES STATEMENT | |
| Series statement | McGraw-Hill industrial organization and management series |
| 504 ## - BIBLIOGRAPHY, ETC. NOTE | |
| Bibliography, etc | Includes index. |
| 650 #0 - SUBJECT ADDED ENTRY--TOPICAL TERM | |
| Topical term or geographic name as entry element | Psychology, Industrial. |
| 9 (RLIN) | 3670 |
| Topical term or geographic name as entry element | Personnel management. |
| 9 (RLIN) | 7522 |
| 942 ## - ADDED ENTRY ELEMENTS (KOHA) | |
| Source of classification or shelving scheme | Dewey Decimal Classification |
| Koha item type | Books |
| Lost status | Source of classification or shelving scheme | Damaged status | Not for loan | Collection code | Permanent Location | Current Location | Shelving location | Date acquired | Source of acquisition | Cost, normal purchase price | Total Checkouts | Full call number | Date last seen | Copy number | Koha item type |
|---|---|---|---|---|---|---|---|---|---|---|---|---|---|---|---|
| Dewey Decimal Classification | Not For Loan | Non-fiction | Central Library, University of Rajshahi | Central Library, University of Rajshahi | Reading Room | 03/07/1957 | Publisher United ltd. | 48.12 | 158.7 FIH 1955 | 11/12/2013 | C-1 | Books | |||
| Dewey Decimal Classification | Non-fiction | Central Library, University of Rajshahi | Central Library, University of Rajshahi | 03/12/1962 | Zeithlinger. | 46.60 | 158.7 FIH 1955 | 11/12/2013 | C-2 | Books | |||||
| Dewey Decimal Classification | Non-fiction | Central Library, University of Rajshahi | Central Library, University of Rajshahi | 03/12/1962 | Zeitlinger | 46.60 | 158.7 FIH 1955 | 22/06/2016 | C-3 | Books |